Le materiel viticole / (Record no. 36949)

MARC details
000 -LEADER
campo de control de longitud fija 00696nam a2200217 i 4500
001 - NÚMERO DE CONTROL
campo de control 36949
003 - IDENTIFICADOR DE NÚMERO DE CONTROL
campo de control ES-MaACL
005 - FECHA Y HORA DE LA ÚLTIMA TRANSACCIÓN
campo de control 20260210162430.0
007 - CAMPO FIJO DE DESCRIPCIÓN FÍSICA--INFORMACIÓN GENERAL
campo de control de longitud fija t|
008 - DATOS DE LONGITUD FIJA--INFORMACIÓN GENERAL
campo de control de longitud fija 030219s1910 fr ||||1| fre d
100 1# - ENTRADA PRINCIPAL--NOMBRE DE PERSONA
Nombre de persona Brunet, Raymond.
9 (RLIN) 32167
245 13 - MENCIÓN DEL TÍTULO
Título Le materiel viticole /
Mención de responsabilidad, etc. par Raymond Brunet ; precedé d'une etude generale par P. Viala ; introduction par P. Regnard.
260 ## - PUBLICACIÓN, DISTRIBUCIÓN, ETC.
Lugar de publicación, distribución, etc. [S.l. :
Nombre del editor, distribuidor, etc. s.n.,
Fecha de publicación, distribución, etc. 1910] (
Fabricante Corbeil Creté)
300 ## - DESCRIPCIÓN FÍSICA
Extensión 400 p. ;
Dimensiones 17 cm.
490 1# - MENCIÓN DE SERIE
Mención de serie Encyclopédie agricole
700 1# - ENTRADA AGREGADA--NOMBRE PERSONAL
Nombre de persona Viala, P.
9 (RLIN) 114267
700 1# - ENTRADA AGREGADA--NOMBRE PERSONAL
Nombre de persona Regnard, Paul (
Fechas asociadas al nombre 1850-1927)
9 (RLIN) 150831
830 0# - PUNTO DE ACCESO ADICIONAL DE SERIE-TÍTULO UNIFORME
Título uniforme Encyclopédie agricole
9 (RLIN) 180885
852 ## - LOCALIZACIÓN
Ubicación ES-MaACL
Número de control de estantería D-3634
Holdings
Estatus retirado Estado de pérdida Estado de daño No para préstamo Biblioteca de origen Biblioteca actual Ubicación en estantería Fecha de adquisición Fuente de adquisición Total de préstamos Signatura topográfica completa Código de barras Visto por última vez Precio de reemplazo Tipo de ítem Koha
        Biblioteca del Ateneo de Madrid Biblioteca del Ateneo de Madrid Sala Valle Inclán 17/01/2008     D-3634 901038866 23/02/2023 23/02/2023 Libro impreso